000 01688nam a22002297a 4500
999 _c58966
_d58966
003 Ge_BSU
005 20221025115442.0
008 221025s2009 ge ||||| |||| 00| 0 geo d
020 _a9789941125393
041 _ageo
080 _a327(479.22) მ-27
100 _aმანველიძე, ირაკლი
_92014
245 _aსაქართველოს საგარეო პოლიტიკის განვითარების ტენდენციები XVI-XVIII საუკუნეები /
_cირაკლი მანველიძე ; [რედ. კახაბერ სურგულაძე] ; შოთა რუსთაველის სახელმწ. უნ-ტის სოციალ. მეცნ., ბიზნესისა და სამართალმცოდნ. ფაკ., სოციალ. მეცნ. დეპარტამენტი.
264 _aთბილისი :
_bუნივერსალი,
_c2009.
300 _a203 გვ. ;
_b20 სმ.
504 _aბიბლიოგრ.: გვ. 193-198.
520 _aრეზ. რუს. და ინგლ.
653 _aსაქართველოს საგარეო პოლიტიკა.
700 _aსურგულაძე, კახაბერ
_eრედაქტორი
_915525
710 _a შოთა რუსთაველის სახელმწ. უნ-ტი
_bსოციალ. მეცნ., ბიზნესისა და სამართალმცოდნ. ფაკ., სოციალ. მეცნ. დეპარტამენტი.
_915526
942 _2udc
_cBK